[Event "SR 5. liga SE-SI 2014/2015"]
[Site "?"]
[Date "2014.10.18"]
[Round "1.2"]
[White "Oslej, Marek"]
[Black "Spacek, Jan"]
[Result "0-1"]
[WhiteElo "1000"]
[BlackElo "1119"]
[PlyCount "46"]
[EventDate "2014.??.??"]

1. e4 e5 2. Nf3 Nc6 3. Nc3 Bb4 4. a3 Bc5 5. Bc4 d6 6. d3 Nf6 7. O-O Bg4 8. Bg5
h6 9. Bh4 g5 10. Bg3 Nd4 11. h3 Bh5 12. Nd5 c6 13. c3 Nxf3+ 14. gxf3 cxd5 15.
Bb5+ Nd7 16. exd5 a6 17. Bxd7+ Qxd7 18. b4 Bb6 19. d4 O-O 20. dxe5 dxe5 21.
Bxe5 Qxh3 22. Bd4 Bxf3 23. Qe1 Qh1# 0-1

[Event "SR 5. liga SE-SI 2014/2015"]
[Site "?"]
[Date "2014.10.18"]
[Round "1.3"]
[White "Buran, Andrej"]
[Black "Hrubos, Milan"]
[Result "0-1"]
[WhiteElo "1586"]
[BlackElo "1771"]
[PlyCount "78"]
[EventDate "2014.??.??"]

1. e4 e5 2. Nf3 Nc6 3. Bb5 a6 4. Ba4 Nf6 5. O-O Be7 6. Re1 d6 7. d4 b5 8. Bb3
exd4 9. Nxd4 Nxd4 10. Qxd4 c5 11. Qd3 c4 12. Bxc4 bxc4 13. Qxc4 O-O 14. Qd3 h6
15. c4 Bb7 16. Nc3 Re8 17. Bf4 Qb6 18. Rad1 Rad8 19. Kh1 Ng4 20. Be3 Nxe3 21.
Rxe3 Bf6 22. f3 Be5 23. Re2 Rc8 24. b3 Qd8 25. g3 Qf6 26. Re3 Re6 27. f4 Bxc3
28. Qxc3 Qxc3 29. Rxc3 Bxe4+ 30. Kg1 a5 31. a3 Rb8 32. Rd2 f5 33. Rb2 Kf7 34.
b4 axb4 35. axb4 Re7 36. Ra3 Rc7 37. Rc3 d5 38. c5 d4 39. Rc1 Rb5 0-1

[Event "SR 5. liga SE-SI 2014/2015"]
[Site "?"]
[Date "2014.10.18"]
[Round "1.3"]
[White "Zlamal, Marek"]
[Black "Hrdlicka, Martin"]
[Result "1-0"]
[WhiteElo "1671"]
[BlackElo "1232"]
[PlyCount "102"]
[EventDate "2014.??.??"]

1. d4 d5 2. e3 Nf6 3. Nc3 e6 4. Bd3 Be7 5. Nge2 O-O 6. O-O Nc6 7. a3 b6 8. f3
Bb7 9. Kh1 Qd7 10. e4 dxe4 11. Nxe4 Nxd4 12. Nxf6+ Bxf6 13. c3 Nf5 14. Bxf5
Qxd1 15. Bxh7+ Kxh7 16. Rxd1 Rad8 17. Be3 Rfe8 18. Kg1 e5 19. Kf2 Rd6 20. Rxd6
cxd6 21. Rd1 Rd8 22. g4 e4 23. f4 d5 24. g5 Be7 25. h4 f6 26. Nd4 fxg5 27. hxg5
g6 28. Rh1+ Kg8 29. Rh6 Kf7 30. Rh7+ Ke8 31. Rg7 Rd6 32. Nb5 Rc6 33. Nxa7 Re6
34. b4 Ba6 35. a4 Kf8 36. Bd4 e3+ 37. Ke1 Re4 38. Rxg6 Rxf4 39. b5 Kf7 40. Rg7+
Ke6 41. bxa6 Re4 42. Nc6 Bd6 43. a7 Bg3+ 44. Ke2 Kd6 45. a8=Q Rxd4 46. Qf8+
Kxc6 47. Qf6+ Kc5 48. Qxd4+ Kc6 49. Rg6+ Bd6 50. c4 dxc4 51. Qxd6+ Kb7 1-0

[Event "SR 5. liga SE-SI 2014/2015"]
[Site "?"]
[Date "2014.10.18"]
[Round "1.3"]
[White "Svarc, Vaclav"]
[Black "Sladek, Michal"]
[Result "1/2-1/2"]
[WhiteElo "1094"]
[BlackElo "1257"]
[PlyCount "52"]
[EventDate "2014.??.??"]

1. e4 e5 2. Nf3 Nc6 3. Nc3 Nf6 4. Bb5 a6 5. Bc4 b5 6. Bd5 Bd6 7. d3 h6 8. Be3
Bb7 9. O-O Nxd5 10. exd5 Nb4 11. d4 f6 12. a3 Nxd5 13. Nxd5 Bxd5 14. dxe5 Bxf3
15. Qxf3 Bxe5 16. Qh5+ Kf8 17. Rae1 Qe8 18. Qf3 Kg8 19. Bf4 d6 20. Qb3+ Qf7 21.
Bxe5 Qxb3 22. cxb3 dxe5 23. Rc1 Rc8 24. Rc6 a5 25. Rc5 c6 26. Rfc1 Kh7 1/2-1/2

[Event "SR 5. liga SE-SI 2014/2015"]
[Site "?"]
[Date "2014.10.18"]
[Round "1.4"]
[White "Horak, Viliam"]
[Black "Sukopcak, Miroslav"]
[Result "0-1"]
[WhiteElo "1000"]
[BlackElo "1657"]
[PlyCount "126"]
[EventDate "2014.??.??"]

1. d4 d5 2. c4 c6 3. Nc3 e6 4. cxd5 cxd5 5. Bf4 a6 6. e3 Bd7 7. Nf3 Nc6 8. Bd3
Bb4 9. O-O Nge7 10. Bg5 h6 11. Bxe7 Qxe7 12. Ne5 Nxe5 13. dxe5 Bc5 14. Na4 Ba7
15. Rc1 Bc6 16. Qg4 Qg5 17. Qxg5 hxg5 18. Nc5 O-O 19. f4 gxf4 20. exf4 Rac8 21.
Rf3 g6 22. h3 d4 23. Rff1 Bxg2 24. Kxg2 Rxc5 25. Rxc5 Bxc5 26. Rc1 Bb4 27. a3
Bd2 28. Rf1 Kg7 29. Rf2 Be3 30. Rf3 Rc8 31. Kg3 Rc1 32. Kg4 Kh6 33. Bf1 b5 34.
b4 Ra1 35. Kh4 Rxa3 36. Kg4 Rb3 37. Kh4 Rxb4 38. Kg4 a5 39. Kh4 a4 40. Bg2 a3
41. Rf1 d3 42. Kg3 a2 43. Kg4 Bd4 44. Kg3 a1=Q 45. Rxa1 Bxa1 46. Kg4 Bxe5 47.
Kg3 Bxf4+ 48. Kf2 Rb2+ 49. Kf3 Rxg2 50. Kxg2 d2 51. Kf3 g5 52. Ke2 Kh5 53. Kd1
b4 54. Ke2 b3 55. Kd1 Kh4 56. Ke2 b2 57. Kd1 b1=Q+ 58. Ke2 Qe1+ 59. Kd3 d1=R+
60. Kc4 Qd2 61. Kc5 Rc1+ 62. Kb5 Qb2+ 63. Ka5 Ra1# 0-1

[Event "SR 5. liga SE-SI 2014/2015"]
[Site "?"]
[Date "2014.10.18"]
[Round "1.4"]
[White "Lauko, Tomas"]
[Black "Steiner, Juraj"]
[Result "1-0"]
[WhiteElo "1476"]
[BlackElo "1000"]
[PlyCount "85"]
[EventDate "2014.??.??"]

1. e4 e5 2. Nf3 Nf6 3. Nc3 Bc5 4. Nxe5 d6 5. Nd3 Bb6 6. f3 O-O 7. Na4 c5 8.
Nxb6 Qxb6 9. Nf4 Re8 10. d3 d5 11. Be2 d4 12. O-O Nc6 13. a3 h6 14. c4 dxc3 15.
bxc3 c4+ 16. d4 Re5 17. Kh1 Rb5 18. Bxc4 Rb1 19. Rxb1 Qxb1 20. d5 Na5 21. Qd4
b5 22. Be3 Qb2 23. Bd3 Qxa3 24. Bxb5 Rb8 25. c4 Nb3 26. Qxa7 Qxa7 27. Bxa7 Ra8
28. Be3 g5 29. Nd3 Na1 30. Bd4 Nb3 31. Bxf6 Nd2 32. Ra1 Rb8 33. e5 Nb3 34. Ra7
Bb7 35. e6 Ra8 36. Rxb7 Ra1+ 37. Bxa1 Nxa1 38. e7 h5 39. e8=Q+ Kg7 40. d6 Kf6
41. Rxf7+ Kg6 42. Ne5+ Kh6 43. Qf8# 1-0

[Event "SR 5. liga SE-SI 2014/2015"]
[Site "?"]
[Date "2014.10.18"]
[Round "1.4"]
[White "Cambal, Peter"]
[Black "Vasek, Rudolf"]
[Result "0-1"]
[WhiteElo "1067"]
[BlackElo "1470"]
[PlyCount "112"]
[EventDate "2014.??.??"]

1. e4 c5 2. Nf3 Nc6 3. d4 cxd4 4. Nxd4 Nxd4 5. Qxd4 a6 6. Nc3 e6 7. Bd2 Ne7 8.
O-O-O Nc6 9. Qe3 b5 10. Bd3 Nb4 11. h4 Nxd3+ 12. Qxd3 Bb7 13. Rde1 Bc6 14. g4
b4 15. Nb1 Qc7 16. Rh3 Bb5 17. Qd4 e5 18. Qd5 Bc4 19. Qxa8+ Qd8 20. Qxd8+ Kxd8
21. c3 a5 22. f4 exf4 23. Bxf4 Bxa2 24. Be5 Be6 25. Rg1 Rg8 26. Bd4 Kc8 27. Nd2
h5 28. Rhh1 hxg4 29. Kc2 a4 30. Ra1 a3 31. bxa3 bxa3 32. Kd3 f6 33. Nc4 Kc7 34.
Nxa3 Bxa3 35. Rxa3 f5 36. Ra7+ Kc6 37. Rha1 fxe4+ 38. Kxe4 Bd5+ 39. Kd3 Kd6 40.
R1a6+ Ke7 41. Bc5+ Ke8 42. Rb6 Bc6 43. Rb8+ Kf7 44. Rxg8 Kxg8 45. Ke3 g3 46.
Kf4 g2 47. Kg5 Kf7 48. Ra1 g6 49. Ra2 Be4 50. Ra6 Bd3 51. Ra8 Bf5 52. h5 d6 53.
Bxd6 g1=Q+ 54. Kh6 Qc1+ 55. Kh7 gxh5+ 56. Kh8 Qh6# 0-1

[Event "SR 5. liga SE-SI 2014/2015"]
[Site "?"]
[Date "2014.10.18"]
[Round "1.4"]
[White "Drozd, Jan"]
[Black "Vach, Jozef"]
[Result "1/2-1/2"]
[WhiteElo "1509"]
[BlackElo "1778"]
[PlyCount "111"]
[EventDate "2014.??.??"]

1. e4 e5 2. Nf3 Nc6 3. Bb5 a6 4. Ba4 Nf6 5. O-O d6 6. Re1 b5 7. Bb3 Na5 8. c3
Nxb3 9. axb3 Bb7 10. d3 Be7 11. Nbd2 c5 12. d4 Qc7 13. d5 O-O 14. c4 Qd7 15.
Nf1 Bc8 16. Ng3 Qb7 17. Qd3 Bd7 18. Nh4 Nxd5 19. Nhf5 Bxf5 20. Nxf5 Nb4 21.
Nxe7+ Qxe7 22. Qe2 Nc6 23. Be3 Qb7 24. g3 Rfb8 25. Rab1 Na5 26. Qd3 Qc6 27. Ra1
bxc4 28. bxc4 Qb6 29. Rab1 Qc6 30. Red1 Rd8 31. Qc3 Qc7 32. Bd2 Nc6 33. f4 Nd4
34. Qd3 Qd7 35. f5 Rdb8 36. b4 Qa4 37. bxc5 dxc5 38. Rxb8+ Rxb8 39. Rb1 Rxb1+
40. Qxb1 Qb3 41. Qxb3 Nxb3 42. Bc3 a5 43. Bxe5 a4 44. Kf2 Nd2 45. Ke2 Nxc4 46.
Bc3 Nd6 47. Kd3 a3 48. g4 a2 49. e5 c4+ 50. Kc2 Nb5 51. Ba1 c3 52. Kb3 g6 53.
Kxa2 gxf5 54. gxf5 Nd4 55. Bxc3 Nxf5 56. Kb2 1/2-1/2

[Event "SR 5. liga SE-SI 2014/2015"]
[Site "?"]
[Date "2014.10.18"]
[Round "1.4"]
[White "Holiencin, Filip"]
[Black "Mysicka, Miroslav"]
[Result "1/2-1/2"]
[WhiteElo "1845"]
[BlackElo "1801"]
[PlyCount "77"]
[EventDate "2014.??.??"]

1. d4 Nf6 2. c4 g6 3. Nc3 Bg7 4. e4 d6 5. Nf3 O-O 6. Be2 c5 7. O-O a6 8. h3 Qc7
9. Be3 cxd4 10. Nxd4 Nc6 11. Qd2 Rb8 12. Rad1 Bd7 13. f4 Rfd8 14. Nf3 Be8 15.
Nd5 Qc8 16. Bd3 e6 17. Nb6 Qc7 18. Qe2 Nh5 19. Kh2 Nxf4 20. Bxf4 Qxb6 21. b3
Rbc8 22. Bb1 Nd4 23. Nxd4 Bxd4 24. Qd2 Be5 25. Bxe5 dxe5 26. Qg5 Qc7 27. h4 Rd4
28. h5 Qd8 29. Qg4 Rxd1 30. Rxd1 Qf6 31. g3 Rd8 32. h6 Rxd1 33. Qxd1 g5 34. Kg2
Bc6 35. Qd6 Qxh6 36. Qxe5 Qg7 37. Qb8+ Qf8 38. Qe5 Qg7 39. Qb8+ 1/2-1/2

[Event "SR 5. liga SE-SI 2014/2015"]
[Site "?"]
[Date "2014.10.18"]
[Round "1.5"]
[White "Huska, Branislav"]
[Black "Nemeckay, Rastislav"]
[Result "0-1"]
[WhiteElo "1689"]
[BlackElo "1985"]
[PlyCount "32"]
[EventDate "2014.??.??"]

1. e4 e5 2. Nf3 Nc6 3. Bb5 Nge7 4. c3 g6 5. O-O Bg7 6. Re1 O-O 7. d4 d6 8. h3
h6 9. Na3 Kh7 10. Nc2 a6 11. Bd3 f5 12. exf5 Bxf5 13. b3 Qd7 14. Bxf5 Qxf5 15.
Qe2 Nd5 16. Bd2 Qxc2 0-1

[Event "SR 5. liga SE-SI 2014/2015"]
[Site "?"]
[Date "2014.10.18"]
[Round "1.5"]
[White "Nemeckay, Dominik"]
[Black "Macalka, Ondrej"]
[Result "0-1"]
[WhiteElo "1415"]
[BlackElo "1499"]
[PlyCount "52"]
[EventDate "2014.??.??"]

1. e4 c5 2. Nf3 d6 3. d4 cxd4 4. Nxd4 Nc6 5. Nc3 Nf6 6. Bg5 g6 7. Be2 Bg7 8.
Qd2 O-O 9. O-O-O a6 10. h4 Ng4 11. Nb3 Nxf2 12. Rdf1 Nxh1 13. Rxh1 Ne5 14. Qf4
Qd7 15. h5 Re8 16. Nd5 Rb8 17. Nd4 Nd3+ 18. Bxd3 Bxd4 19. hxg6 fxg6 20. Nxe7+
Rxe7 21. Bc4+ Re6 22. Bh6 Qf7 23. Qxf7+ Kxf7 24. Rf1+ Bf6 25. Bg5 Kg7 26. Bxe6
Bxg5+ 0-1

[Event "SR 5. liga SE-SI 2014/2015"]
[Site "?"]
[Date "2014.10.18"]
[Round "1.5"]
[White "Petras, Michal"]
[Black "Simek, Adam"]
[Result "0-1"]
[WhiteElo "1255"]
[BlackElo "1060"]
[PlyCount "51"]
[EventDate "2014.??.??"]

1. e4 e5 2. Nf3 Nf6 3. Nc3 Nc6 4. d3 Bb4 5. Bd2 d5 6. exd5 Nxd5 7. Nxd5 Bxd2+
8. Qxd2 Qxd5 9. h3 e4 10. dxe4 Qxe4+ 11. Qe2 Bf5 12. Qxe4+ Bxe4 13. c3 Bxf3 14.
gxf3 O-O-O 15. Rd1 Rde8+ 16. Kd2 Ne5 17. Be2 h5 18. Rhe1 Rh6 19. Kc2 Rf6 20. f4
Rxf4 21. Bxh5 Rxf2+ 22. Rd2 Rxd2+ 23. Kxd2 Nc4+ 24. Kd1 Nxb2+ 25. Kd2 Rxe1 26.
Kxe1 0-1

[Event "SR 5. liga SE-SI 2014/2015"]
[Site "?"]
[Date "2014.10.18"]
[Round "1.5"]
[White "Cibula, Marian"]
[Black "Nesnadny, Tomas"]
[Result "1-0"]
[WhiteElo "1000"]
[BlackElo "1000"]
[PlyCount "71"]
[EventDate "2014.??.??"]

1. e4 e5 2. Nf3 Nc6 3. Bc4 Bc5 4. O-O Nh6 5. d3 d6 6. Bg5 f6 7. Bxh6 gxh6 8.
Nc3 Bd7 9. Nh4 Rf8 10. Nf5 Bxf5 11. exf5 Qe7 12. Nd5 Qd7 13. Qg4 O-O-O 14. Rae1
Rg8 15. Qh5 Nd4 16. Nxf6 Qxf5 17. Qxf5+ Nxf5 18. Nxg8 Nd4 19. Ne7+ Kb8 20. c3
Nc6 21. Nxc6+ bxc6 22. Ba6 Ka8 23. Re2 Rb8 24. Rfe1 Rb6 25. Bc8 Kb8 26. d4 Kxc8
27. dxc5 Rb5 28. cxd6 cxd6 29. Rd2 d5 30. Rxe5 Kb7 31. f4 Ka6 32. Re6 Rb7 33.
Rxc6+ Kb5 34. Rxh6 a6 35. Rxd5+ Ka4 36. Rxa6# 1-0

[Event "SR 5. liga SE-SI 2014/2015"]
[Site "?"]
[Date "2014.10.18"]
[Round "1.5"]
[White "Datko, Jan"]
[Black "Jankovic, Vit"]
[Result "0-1"]
[WhiteElo "1000"]
[BlackElo "1000"]
[PlyCount "54"]
[EventDate "2014.??.??"]

1. e4 e5 2. f4 d6 3. Nf3 Nc6 4. Bb5 Bd7 5. d3 a6 6. Bxc6 Bxc6 7. fxe5 dxe5 8.
Nxe5 Bb5 9. Nc3 Bd7 10. Qh5 Be6 11. O-O Nf6 12. Qf3 Qd4+ 13. Be3 Qxe5 14. Bd4
Qxd4+ 15. Rf2 Ng4 16. Ne2 Qxb2 17. Rff1 Qe5 18. g3 Bc5+ 19. Kg2 Ne3+ 20. Kh1
Nxf1 21. Rxf1 O-O-O 22. Nf4 Bd7 23. c4 h5 24. Nd5 Bg4 25. Qxf7 Rd7 26. Qg6 Bh3
27. Rd1 Qb2 0-1

[Event "SR 5. liga SE-SI 2014/2015"]
[Site "?"]
[Date "2014.10.18"]
[Round "1.6"]
[White "Vlk, Jaroslav"]
[Black "Zajicek, Ferdinand"]
[Result "1/2-1/2"]
[WhiteElo "1000"]
[BlackElo "1836"]
[PlyCount "20"]
[EventDate "2014.??.??"]

1. e4 c5 2. Nf3 d6 3. d4 cxd4 4. Nxd4 Nc6 5. Nxc6 bxc6 6. g3 g6 7. Bg2 Bb7 8.
O-O Bg7 9. c3 Nf6 10. f3 O-O 1/2-1/2

[Event "SR 5. liga SE-SI 2014/2015"]
[Site "?"]
[Date "2014.10.18"]
[Round "1.6"]
[White "Kanka, Tomas"]
[Black "Butas, Adam"]
[Result "1-0"]
[WhiteElo "1723"]
[BlackElo "1000"]
[PlyCount "77"]
[EventDate "2014.??.??"]

1. e4 e5 2. Nf3 Nc6 3. Bc4 Bc5 4. b4 Bxb4 5. c3 Bc5 6. d4 Bb6 7. dxe5 d6 8. O-O
Nxe5 9. Nxe5 Nf6 10. Nxf7 Qe7 11. Nxh8 g6 12. Bg5 Qg7 13. Qf3 Ke7 14. Bxf6+
Qxf6 15. Qxf6+ Kxf6 16. Nf7 Be6 17. Bxe6 Kxe6 18. Ng5+ Kd7 19. Nxh7 Rh8 20. Ng5
Rh5 21. Nf3 c5 22. Nbd2 Ba5 23. Rac1 Kc6 24. Nc4 Bb6 25. Nxb6 Kxb6 26. Rcd1 Kc6
27. Rfe1 b6 28. g4 Rh7 29. c4 Rf7 30. Kg2 b5 31. cxb5+ Kxb5 32. Rxd6 Rg7 33. e5
a5 34. e6 a4 35. e7 Rxe7 36. Rxe7 Kb4 37. Nd4 Ka3 38. Ra7 cxd4 39. Rxd4 1-0

[Event "SR 5. liga SE-SI 2014/2015"]
[Site "?"]
[Date "2014.10.18"]
[Round "1.6"]
[White "Hyza, Richard"]
[Black "Kastler, Peter"]
[Result "0-1"]
[WhiteElo "1000"]
[BlackElo "1757"]
[PlyCount "52"]
[EventDate "2014.??.??"]

1. e3 d5 2. Nc3 Nf6 3. Nf3 Bg4 4. Bb5+ c6 5. Be2 e6 6. Ne5 Bxe2 7. Nxe2 Bd6 8.
Nf3 Nbd7 9. Nfd4 O-O 10. O-O Rc8 11. d3 Qc7 12. Bd2 Bxh2+ 13. Kh1 Be5 14. f4
Bxd4 15. exd4 Rfe8 16. Qe1 c5 17. Bc3 cxd4 18. Bxd4 e5 19. fxe5 Nxe5 20. Bxe5
Rxe5 21. Rf2 Ng4 22. Rf4 Ne3 23. Qd2 Qb6 24. d4 Qg6 25. Rg1 Rh5+ 26. Rh4 Rxh4#
0-1

[Event "SR 5. liga SE-SI 2014/2015"]
[Site "?"]
[Date "2014.10.18"]
[Round "1.6"]
[White "Papanek, Lubomir"]
[Black "Daniel, Jakub"]
[Result "1-0"]
[WhiteElo "1616"]
[BlackElo "1000"]
[PlyCount "59"]
[EventDate "2014.??.??"]

1. d4 e5 2. dxe5 Bb4+ 3. c3 Ba5 4. e4 Nc6 5. Nf3 Nh6 6. h3 O-O 7. Be3 b6 8. b4
d5 9. bxa5 bxa5 10. exd5 Rb8 11. dxc6 Qxd1+ 12. Kxd1 Rd8+ 13. Nbd2 Nf5 14. Nd4
Rb2 15. Bd3 Nxe3+ 16. fxe3 a4 17. a3 h6 18. Kc1 Rb6 19. Rb1 f5 20. exf6 gxf6
21. Rxb6 cxb6 22. Bc4+ Kf8 23. Rf1 f5 24. Nxf5 Bxf5 25. Rxf5+ Ke8 26. Rf7 Rd7
27. cxd7+ Kd8 28. Be6 Kc7 29. Rf8 Kd6 30. Bf5 1-0

[Event "SR 5. liga SE-SI 2014/2015"]
[Site "?"]
[Date "2014.10.18"]
[Round "1.6"]
[White "Volek, Vladimir"]
[Black "Nemeth, Karol"]
[Result "0-1"]
[WhiteElo "1000"]
[BlackElo "1000"]
[PlyCount "52"]
[EventDate "2014.??.??"]

1. e4 e5 2. Nf3 Nc6 3. Bc4 Nf6 4. O-O Bc5 5. d3 h6 6. Nc3 d6 7. h3 O-O 8. Nd5
Be6 9. Nxf6+ Qxf6 10. Bxe6 Qxe6 11. c3 Rad8 12. Nd4 exd4 13. Bf4 dxc3 14. bxc3
Qf6 15. Qd2 Rfe8 16. d4 Bb6 17. d5 Na5 18. Qd3 Qxf4 19. g3 Qf6 20. Rae1 Re5 21.
c4 Qg6 22. Qf3 Rh5 23. g4 Nxc4 24. Rc1 Nd2 25. Qe2 Rxh3 26. Qxd2 Qxg4# 0-1

[Event "SR 5. liga SE-SI 2014/2015"]
[Site "?"]
[Date "2014.10.25"]
[Round "2.1"]
[White "Celustkova, Lubica"]
[Black "Zajicek, Ferdinand"]
[Result "0-1"]
[WhiteElo "1614"]
[BlackElo "1836"]
[PlyCount "51"]
[EventDate "2014.??.??"]

1. e4 Nc6 2. d4 d5 3. e5 g6 4. Nc3 f6 5. f4 Bg7 6. Nf3 e6 7. Bb5 Nge7 8. O-O
O-O 9. Qe2 a6 10. Ba4 Bd7 11. a3 fxe5 12. fxe5 Qe8 13. Bb3 Nd8 14. Bd2 Rc8 15.
Ng5 Nf5 16. Rf4 c6 17. Na4 Bh6 18. Rg4 Bxg5 19. Bxg5 b5 20. Nc5 Ra8 21. Nxd7
Qxd7 22. Bf6 Qa7 23. c3 c5 24. Qd3 c4 25. Bxc4 dxc4 26. h4 0-1

[Event "SR 5. liga SE-SI 2014/2015"]
[Site "?"]
[Date "2014.10.25"]
[Round "2.1"]
[White "Kanka, Tomas"]
[Black "Wallner, Juraj"]
[Result "0-1"]
[WhiteElo "1723"]
[BlackElo "1606"]
[PlyCount "96"]
[EventDate "2014.??.??"]

1. e4 c5 2. Nf3 e6 3. d4 d5 4. Bb5+ Nc6 5. e5 Nge7 6. c3 Ng6 7. O-O a6 8. Ba4
Be7 9. Be3 b5 10. Bc2 cxd4 11. Bxd4 Nxd4 12. Qxd4 Qc7 13. Bxg6 hxg6 14. Nbd2 f6
15. Rfe1 Kf7 16. Nf1 Bd7 17. Rad1 g5 18. b3 Rac8 19. c4 bxc4 20. bxc4 Qxc4 21.
Qxc4 Rxc4 22. Re2 Rhc8 23. Ne3 Rc1 24. Ree1 Rxd1 25. Rxd1 Ba4 26. Rb1 Bb5 27.
h3 Bc5 28. Rc1 Bd7 29. Nf1 Bxf2+ 30. Kxf2 Rxc1 31. Ne3 Ra1 32. h4 Rxa2+ 33. Kg3
gxh4+ 34. Kxh4 Ra4+ 35. Kh3 d4 36. Nd1 d3 37. Kg3 Ra2 38. Kf4 Rxg2 39. Ke3 Bb5
40. Nc3 Bc4 41. Nd2 Bb5 42. exf6 Re2+ 43. Nxe2 dxe2 44. Kf2 gxf6 45. Ne4 Ke7
46. Nc3 Kd6 47. Nxb5+ axb5 48. Kxe2 Kc5 0-1

[Event "SR 5. liga SE-SI 2014/2015"]
[Site "?"]
[Date "2014.10.25"]
[Round "2.1"]
[White "Tomasovic, Roman"]
[Black "Kastler, Peter"]
[Result "0-1"]
[WhiteElo "1363"]
[BlackElo "1757"]
[PlyCount "84"]
[EventDate "2014.??.??"]

1. d4 d5 2. c4 e6 3. e3 Nf6 4. Nf3 Be7 5. Nc3 c6 6. Bd2 O-O 7. Bd3 Nbd7 8. O-O
b6 9. cxd5 cxd5 10. Qc2 Bb7 11. Rac1 Rc8 12. Qa4 a5 13. Ne2 Rxc1 14. Rxc1 Qb8
15. Bb5 Qd6 16. Ng3 Rc8 17. Rxc8+ Bxc8 18. Qc2 Bb7 19. a3 Qb8 20. b4 axb4 21.
Bxb4 Bxb4 22. axb4 Qd6 23. Qa4 Kf8 24. Kf1 Ke7 25. Ke2 Ne4 26. Nxe4 dxe4 27.
Nd2 Nf6 28. Qa7 Qc7 29. Ba6 Bxa6+ 30. Qxa6 Nd5 31. g3 Qc2 32. Qa3 Nc3+ 33. Kf1
Qxd2 34. b5+ Kf6 35. Qd6 Qd1+ 36. Kg2 Qf3+ 37. Kh3 Qf5+ 38. Kg2 Nd1 39. Qxb6
Qxf2+ 40. Kh3 Qf1+ 41. Kh4 g5+ 42. Kg4 Nf2+ 0-1

[Event "SR 5. liga SE-SI 2014/2015"]
[Site "?"]
[Date "2014.10.25"]
[Round "2.1"]
[White "Tomasovic, Pavol"]
[Black "Mraz, Jan"]
[Result "0-1"]
[WhiteElo "1284"]
[BlackElo "1000"]
[PlyCount "110"]
[EventDate "2014.??.??"]

1. e4 e6 2. d4 d6 3. Nf3 g6 4. Bd3 Bg7 5. O-O Ne7 6. Bg5 O-O 7. Qd2 e5 8. dxe5
dxe5 9. Nc3 f6 10. Bh6 Rf7 11. Bc4 Qxd2 12. Nxd2 Bxh6 13. Bxf7+ Kxf7 14. Rad1
Be6 15. b3 a6 16. Nf3 Nbc6 17. a4 Nb4 18. Ne1 Nbc6 19. g3 Nd4 20. f4 Bh3 21.
Rf2 Bg4 22. Rd3 exf4 23. gxf4 Ne6 24. Ne2 Bxe2 25. Rxe2 Nxf4 26. Ree3 Nxd3 27.
Rxd3 Bf4 28. Ng2 Be5 29. Ne3 Ke6 30. Kg2 c6 31. Nc4 Bc7 32. h3 Rd8 33. Ne3 Rxd3
34. cxd3 b5 35. d4 Bb6 36. Nc2 a5 37. Kf3 f5 38. Kf4 fxe4 39. Kxe4 b4 40. Ne3
Nd5 41. Nc4 g5 42. Ne5 Nf6+ 43. Kd3 Kd5 44. Nc4 Bxd4 45. Nxa5 h5 46. Nxc6 Kxc6
47. Kxd4 g4 48. hxg4 hxg4 49. Ke3 Kc5 50. Kf2 Kd4 51. Kg3 Kc3 52. a5 Kxb3 53.
a6 Nd5 54. Kxg4 Kc3 55. a7 Nb6 0-1

[Event "SR 5. liga SE-SI 2014/2015"]
[Site "?"]
[Date "2014.10.25"]
[Round "2.2"]
[White "Nemeckay, Rastislav"]
[Black "Brunovsky, Peter"]
[Result "1/2-1/2"]
[WhiteElo "1985"]
[BlackElo "1869"]
[PlyCount "46"]
[EventDate "2014.??.??"]

1. e4 c6 2. d4 d5 3. exd5 cxd5 4. Bd3 Nc6 5. c3 g6 6. h3 Bg7 7. Nf3 Nh6 8. O-O
O-O 9. Bf4 f6 10. Bxh6 Bxh6 11. Re1 Bg7 12. Bc2 Kh8 13. Nbd2 e5 14. Nf1 e4 15.
N3h2 f5 16. f3 Be6 17. Qd2 Qh4 18. Qf2 Qxf2+ 19. Kxf2 Rac8 20. Bb3 Na5 21. f4
Nc4 22. Bxc4 Rxc4 23. Ne3 Rc7 1/2-1/2

[Event "SR 5. liga SE-SI 2014/2015"]
[Site "?"]
[Date "2014.10.25"]
[Round "2.2"]
[White "Butas, Adam"]
[Black "Nemeckay, Dominik"]
[Result "0-1"]
[WhiteElo "1000"]
[BlackElo "1415"]
[PlyCount "48"]
[EventDate "2014.??.??"]

1. e4 e5 2. Nf3 Nc6 3. Nc3 Bb4 4. Bc4 Nf6 5. O-O d6 6. d3 Bg4 7. Bg5 Nd4 8. h3
Nxf3+ 9. gxf3 Bxh3 10. Re1 Qd7 11. a3 Bc5 12. Bb5 c6 13. Bc4 h6 14. Bh4 g5 15.
Bg3 h5 16. Bh2 Rg8 17. b4 Bd4 18. Qd2 g4 19. Bg3 gxf3 20. b5 Rxg3+ 21. Kh2 Ng4+
22. Kxg3 h4+ 23. Kxh3 Nxf2+ 24. Kxh4 Qg4# 0-1

[Event "SR 5. liga SE-SI 2014/2015"]
[Site "?"]
[Date "2014.10.25"]
[Round "2.2"]
[White "Simek, Adam"]
[Black "Hyza, Richard"]
[Result "1-0"]
[WhiteElo "1060"]
[BlackElo "1000"]
[PlyCount "115"]
[EventDate "2014.??.??"]

1. e4 e5 2. Bc4 Bc5 3. Qh5 Nh6 4. Qxe5+ Be7 5. d3 O-O 6. Bxh6 Bf6 7. Qg3 Nc6 8.
Nf3 Nb4 9. Na3 Qe7 10. e5 d6 11. O-O dxe5 12. Rfe1 Re8 13. d4 exd4 14. Rxe7
Rxe7 15. Re1 Be6 16. Bxe6 fxe6 17. Ng5 gxh6 18. Ne4+ Bg7 19. Qb3 Nxc2 20. Nxc2
Rd8 21. Qxb7 d3 22. Nb4 d2 23. Rd1 Red7 24. Nc6 Rf8 25. Rxd2 Rdf7 26. Qxa7 Rf4
27. f3 R4f7 28. a4 h5 29. a5 Bh6 30. Rd8 Rxd8 31. Nxd8 Rd7 32. Qb8 Be3+ 33. Nf2
Rd2 34. Nxe6+ Kf7 35. Qb3 Bxf2+ 36. Kf1 Ke7 37. Qb4+ Rd6 38. a6 Bb6 39. Qa3 Ba7
40. Nxc7 Kd7 41. Qxd6+ Kxd6 42. Nb5+ Kc6 43. Nxa7+ Kb6 44. f4 Kxa7 45. f5 Kxa6
46. f6 Ka5 47. f7 h4 48. f8=Q h5 49. Qc5+ Ka6 50. Qb4 h3 51. gxh3 h4 52. Ke2
Ka7 53. Qb5 Ka8 54. Kd3 Ka7 55. Kc4 Ka8 56. Kc5 Ka7 57. Kc6 Ka8 58. Qb7# 1-0

[Event "SR 5. liga SE-SI 2014/2015"]
[Site "?"]
[Date "2014.10.25"]
[Round "2.2"]
[White "Daniel, Jakub"]
[Black "Jankovic, Vit"]
[Result "0-1"]
[WhiteElo "1000"]
[BlackElo "1000"]
[PlyCount "34"]
[EventDate "2014.??.??"]

1. e4 e5 2. Nf3 Nc6 3. Bc4 Bc5 4. a3 Nf6 5. Nc3 d6 6. O-O Bg4 7. h3 Bxf3 8.
gxf3 O-O 9. d3 h6 10. Nd5 Nd4 11. Nxf6+ Qxf6 12. Be3 Nxf3+ 13. Kg2 Nh4+ 14. Kh1
Bxe3 15. fxe3 Qg5 16. Rg1 Qxe3 17. Qe1 Qxh3# 0-1

[Event "SR 5. liga SE-SI 2014/2015"]
[Site "?"]
[Date "2014.10.25"]
[Round "2.2"]
[White "Kurthyova, Viktoria"]
[Black "Volek, Vladimir"]
[Result "0-1"]
[WhiteElo "1000"]
[BlackElo "1000"]
[PlyCount "86"]
[EventDate "2014.??.??"]

1. e4 e5 2. Nf3 Nc6 3. Bb5 Bc5 4. Nc3 Nf6 5. d3 O-O 6. O-O d6 7. Bg5 Bg4 8. Nd5
Nxd5 9. Bxd8 Raxd8 10. exd5 Nd4 11. Nxd4 Bxd1 12. Raxd1 exd4 13. Rfe1 Bb4 14.
Re7 a6 15. a3 axb5 16. axb4 c6 17. Ra1 h6 18. Ra7 c5 19. bxc5 dxc5 20. Raxb7 b4
21. b3 c4 22. bxc4 Ra8 23. Re1 Rfe8 24. h3 Rxe1+ 25. Kh2 Ra2 26. Rxb4 Rxc2 27.
d6 Re8 28. d7 Rd8 29. Rb7 Rxf2 30. c5 Rc2 31. c6 Rxc6 32. Kg3 Rc3 33. Kf4 Rxd3
34. Ke5 Rd1 35. Kd6 d3 36. Ke7 Re1+ 37. Kxd8 d2 38. Rb2 d1=Q 39. Kc8 Qc1+ 40.
Kd8 Qxb2 41. Kc8 Rc1+ 42. Kd8 Qb8+ 43. Ke7 Re1# 0-1

[Event "SR 5. liga SE-SI 2014/2015"]
[Site "?"]
[Date "2014.10.25"]
[Round "2.3"]
[White "Mysicka, Miroslav"]
[Black "Huska, Branislav"]
[Result "1-0"]
[WhiteElo "1801"]
[BlackElo "1689"]
[PlyCount "43"]
[EventDate "2014.??.??"]

1. d4 Nf6 2. Nc3 d5 3. Nf3 e6 4. Bg5 Bb4 5. e3 h6 6. Bh4 g5 7. Bg3 Ne4 8. Qd3
c5 9. dxc5 Nc6 10. Be2 Qa5 11. O-O Bxc3 12. bxc3 Qxc3 13. Qxc3 Nxc3 14. Bd3 f6
15. Nd4 Kf7 16. f4 a6 17. Nxc6 bxc6 18. fxg5 Ne4 19. Bxe4 hxg5 20. Bd3 a5 21.
Rab1 Kg7 22. Rb6 1-0